| 000 | 00649cam a22002057a 4500 | ||
|---|---|---|---|
| 999 |
_c331743 _d331743 |
||
| 001 | 545751 | ||
| 003 | NUST | ||
| 005 | 20171023130734.0 | ||
| 008 | 900221s1986 pk 000 0 urd | ||
| 010 | _a 87930688 | ||
| 020 | _a9694162076 | ||
| 040 |
_aDLC _cDLC _dDLC |
||
| 050 | 0 | 0 | _aMLCMA 90/00569 (P) |
| 082 |
_a891.4391 _bMUN |
||
| 100 | 1 |
_aMunawwar, Muhammad, _d1923-2000. _94 |
|
| 245 | 1 | 0 |
_aMīzān-i Iqbāl / _cMuḥammad Munavvar. |
| 260 |
_aLāhore : _bIqbāl Akādmī Pākistān, _c1986. |
||
| 300 |
_a232 p. ; _c23 cm. |
||
| 490 | 0 | _aSilsilah-yi ishāʻat-i mukarrar | |
| 650 |
_aIqbaliyat _981 |
||
| 880 |
_6100-01\(3\r _aمحمد منور |
||
| 880 |
_6245-02\(3\r _aمیزان اقبال _cمحمد منور |
||
| 880 |
_6260-03\(3\r _aلاہور: _bاقبال اکادمی پاکستان، _c2003 |
||
| 906 |
_a7 _bcbc _corignew _du _encip _f19 _gy-gencatlg |
||
| 942 |
_2ddc _cBK |
||